| 000 | 00895cam a2200253 4500 | ||
|---|---|---|---|
| 001 | ABS63788 | ||
| 008 | 000000n2001 000 0 eng u | ||
| 035 | _a(Sirsi) u111388 | ||
| 100 | _aSaunders, O. | ||
| 245 | _aEarth, wind and water | ||
| 260 | _c2001 | ||
| 490 |
_aEstates Gazette _v(0106) 10 February 2001, 152-154(3) |
||
| 520 | _aThe second in a series of "mainly for students" articles giving guidance on conducting specialist property valuations (for details of the first article see: ABS63087). Highlights issues involved in the valuation of airports, marinas and garden centres. | ||
| 590 | _aABS | ||
| 650 | _aMAINLY FOR STUDENTS | ||
| 650 | _aAIRPORTS | ||
| 650 | _aMARINAS | ||
| 650 | _aGARDEN CENTRES | ||
| 650 | _aSPECIALIST PROPERTY | ||
| 690 | _aPROPERTY-PROPERTY APPRAISAL AND VALUATION | ||
| 700 | _aLear, J. | ||
| 700 | _aQuinton Smith, S. | ||
| 942 | _n0 | ||
| 999 |
_c66363 _d66363 |
||